عرض عادي عرض مارك
  • الحفلات

مدخل مصطلح موضوعي

عدد التسجيلات المستخدمة في: 1

001 - رقم الضبط

  • حقل الضبط: 21013

003 - معرف رقم الضبط

  • حقل الضبط: OSt

005 - تاريخ ووقت أخر عملية

  • حقل الضبط: 20130207112219.0

008 - عناصر بيانات ثابتة الطول

  • حقل تحكم ثابت الطول: 130207|||a|||||| | ||| d

040 ## - مصدر الفهرسة

  • هيئة الفهرسة الأصلية: OSt
  • وكالة الكتابة: OSt

150 ## - مدخل-- مصطلح تاريخي

  • عنصر مدخل المصطلح الموضوعي او الاسم الجغرافي: الحفلات
  • تفريع عام: إدارة

670 ## - بيانات المصدر موجوده

  • الاستشهاد بالمصدر: Work cat.: (OSt): توفيق، ماهر عبد العزيز 21012, إدارة الحفلات والمؤتمرات /, 2013